| 000 | 00453nam a2200181Ia 4500 | ||
|---|---|---|---|
| 999 |
_c39483 _d39483 |
||
| 003 | GCL | ||
| 005 | 20240530103440.0 | ||
| 008 | 140319s9999 xx 000 0 ara d | ||
| 040 |
_aGCL / _cGCL |
||
| 082 | 0 | 4 |
_a956.905 _bم ح |
| 100 | 1 | _aمصطفى الفقى | |
| 245 | 1 | 0 |
_aحوار الاجيال / _cمصطفى الفقى |
| 300 | _a269 ص | ||
| 650 | 0 | 4 | _aالعصر الحديث |
| 650 | 0 | 4 | _aمصر |
| 650 | 0 | 4 | _aسياسة |
| 942 |
_2ddc _cBK |
||